[Event "Tournoi Skype 030A"]
[Site "Skype"]
[Date "????.??.??"]
[Round "5.1"]
[White "Figueroa, Tomas"]
[Black "Calcino, Luis"]
[Result "1/2-1/2"]
[WhiteElo "2093"]
[BlackElo "1694"]
[PlyCount "122"]

1. d4 Nf6 2. c4 e6 3. Nf3 d5 4. Nc3 c6 5. e3 Be7 6. Bd3 dxc4 7. Bxc4 b5 8. Bd3
a6 9. O-O O-O 10. Qc2 Nbd7 11. Rd1 Qc7 12. a4 Bb7 13. Bd2 Rac8 14. Rdc1 Qb8 15.
Qd1 b4 16. Ne4 a5 17. Nxf6+ Bxf6 18. Qe2 c5 19. Rd1 Rfd8 20. Ba6 cxd4 21. Bxb7
Qxb7 22. exd4 Rc2 23. b3 Qd5 24. Qb5 Rb8 25. Qxd5 exd5 26. Kf1 Rbc8 27. Rac1
Rxc1 28. Rxc1 Rxc1+ 29. Bxc1 Kf8 30. Bf4 Bd8 31. Ke2 Ke7 32. Kd3 Bb6 33. h3 f6
34. Nd2 Ke6 35. Nf1 g5 36. Be3 h5 37. g4 h4 38. f4 Bd8 39. fxg5 fxg5 40. Nh2
Nf8 41. Nf3 Nh7 42. Ne5 Bc7 43. Nf3 Kf6 44. Ke2 Bd8 45. Ne5 Ke6 46. Nd3 Kf6 47.
Nc5 Nf8 48. Nd3 Nd7 49. Ne1 Nf8 50. Nc2 Ne6 51. Kd3 Bc7 52. Ne1 Nf4+ 53. Bxf4
Bxf4 54. Ke2 Bc7 55. Nd3 Ke7 56. Ke3 Kf6 57. Nc5 Ke7 58. Kd3 Bb6 59. Ke3 Kd6
60. Nd3 Ke7 61. Ne5 Ke6 1/2-1/2

[Event "Tournoi Skype 030A"]
[Site "Skype"]
[Date "????.??.??"]
[Round "5.2"]
[White "Rico Hernandez, Edgar"]
[Black "Espadina Solano, Jaime"]
[Result "1/2-1/2"]
[WhiteElo "1748"]
[BlackElo "1553"]
[PlyCount "96"]

1. d4 Nf6 2. c4 g6 3. Nc3 Bg7 4. e4 d6 5. f4 O-O 6. Nf3 c5 7. d5 e6 8. dxe6
fxe6 9. Bd3 Nc6 10. O-O Nd4 11. Nxd4 cxd4 12. Nb5 e5 13. fxe5 dxe5 14. Bg5 a6
15. Na3 Be6 16. Qe1 Qd7 17. Qh4 Ng4 18. Qg3 Rxf1+ 19. Rxf1 Rf8 20. Rxf8+ Kxf8
21. h3 Nf6 22. Qxe5 Nh5 23. Qb8+ Kf7 24. Nc2 h6 25. Bd2 Bf8 26. Bb4 Bg7 27. Ne1
g5 28. Bd2 Bf8 29. Nf3 Bd6 30. Qh8 Nf4 31. Bxf4 Bxf4 32. Qxh6 Be3+ 33. Kh2 Qd6+
34. e5 Bf4+ 35. Kh1 Qe7 36. Bg6+ Kg8 37. Bh7+ Qxh7 38. Qxe6+ Kh8 39. Qc8+ Qg8
40. Qc5 g4 41. hxg4 Qh7+ 42. Kg1 Be3+ 43. Kf1 Qh1+ 44. Ke2 Qxg2+ 45. Kd3 Qxf3
46. Qc8+ Kg7 47. Qd7+ Kh6 48. Qe6+ Kg7 1/2-1/2

[Event "Tournoi Skype 030A"]
[Site "Skype"]
[Date "????.??.??"]
[Round "5.3"]
[White "Deville, Olivier"]
[Black "Ram, Madhukesh"]
[Result "1-0"]
[WhiteElo "1767"]
[BlackElo "1245"]
[PlyCount "113"]

1. d4 Nf6 2. c4 e6 3. Nf3 d5 4. g3 c5 5. Bg2 Nc6 6. O-O b6 7. cxd5 Nxd5 8. Nc3
Nxc3 9. bxc3 Bb7 10. Bf4 Bd6 11. Qd2 O-O 12. Rfd1 Bxf4 13. Qxf4 Qe7 14. dxc5
Qxc5 15. Rd7 Bc8 16. Rc7 Ba6 17. Ng5 Qxc3 18. Rc1 Nd4 19. R1xc3 Nxe2+ 20. Kh1
Nxf4 21. Bxa8 Ne2 22. Bf3 Nxc3 23. Rxc3 Rd8 24. Ra3 Bf1 25. Rxa7 Rc8 26. Kg1
Bd3 27. Ra8 Rxa8 28. Bxa8 h6 29. Nf3 f6 30. Ne1 Bc4 31. a3 Kf7 32. f4 g5 33.
Kf2 Kg6 34. Ke3 Kf5 35. Nf3 Bd5 36. Bxd5 exd5 37. Ng1 gxf4+ 38. gxf4 d4+ 39.
Kxd4 Kxf4 40. Kd5 Ke3 41. Kc6 Kf2 42. Nh3+ Kg2 43. Nf4+ Kf3 44. Nd5 f5 45. Nxb6
Ke4 46. Nd5 h5 47. a4 h4 48. a5 f4 49. Nxf4 Kxf4 50. a6 Kf3 51. a7 Kg2 52. a8=Q
Kxh2 53. Kc5 h3 54. Kd4 Kg1 55. Ke3 h2 56. Qa2 h1=Q 57. Qf2# 1-0

[Event "Tournoi Skype 030A"]
[Site "Skype"]
[Date "????.??.??"]
[Round "5.4"]
[White "Blasco, Raul"]
[Black "Alarcon Alarcon, Florentina"]
[Result "0-1"]
[WhiteElo "1978"]
[BlackElo "1378"]
[PlyCount "60"]

1. d4 d5 2. c4 c6 3. Qc2 Nf6 4. Nf3 e6 5. Bf4 Bd6 6. Bxd6 Qxd6 7. e3 Nbd7 8.
Nbd2 O-O 9. Bd3 h6 10. O-O Re8 11. c5 Qe7 12. e4 dxe4 13. Nxe4 Nxe4 14. Bxe4 e5
15. Rfe1 Qf6 16. Bf5 Qd8 17. Bxd7 Bxd7 18. Nxe5 Be6 19. Qc3 Bd5 20. b3 Qg5 21.
Qg3 Qxg3 22. hxg3 Rad8 23. f3 Be6 24. Rad1 Rd5 25. Nc4 Kf8 26. Nd6 Rb8 27. Kf2
b6 28. Re5 Rxe5 29. dxe5 bxc5 30. Rd5 Bxd5 0-1

[Event "Tournoi Skype 030A"]
[Site "Skype"]
[Date "????.??.??"]
[Round "5.5"]
[White "Abate, Leonardo"]
[Black "Mayor Martinez, Juan Jose"]
[Result "0-1"]
[WhiteElo "1380"]
[BlackElo "1749"]
[PlyCount "90"]

1. d4 d5 2. Bf4 c6 3. e3 Nf6 4. Nf3 Bf5 5. Nbd2 e6 6. Be2 Be7 7. c3 Nbd7 8. O-O
Ne4 9. Nxe4 Bxe4 10. Bd3 Nf6 11. Bxe4 Nxe4 12. Nd2 Nxd2 13. Qxd2 O-O 14. Rac1
b5 15. Qe2 f5 16. Be5 Bf6 17. Bxf6 Rxf6 18. h3 Rg6 19. f4 Qh4 20. Rf3 a6 21.
Qf2 Qf6 22. Rg3 Rf8 23. Rxg6 Qxg6 24. Kh2 Rf6 25. Qh4 Qe8 26. Rc2 Rh6 27. Qg5
Rh5 28. Qg3 Qd8 29. b4 a5 30. a3 a4 31. Rf2 g5 32. fxg5 Rxg5 33. Qe5 Rg6 34.
Rf3 Kf7 35. g4 Qg5 36. Qc7+ Kg8 37. Qxc6 h5 38. Qxb5 hxg4 39. Rg3 Rh6 40. Qe2
Qe7 41. Kg2 Kh7 42. hxg4 Qh4 43. gxf5 Qh1+ 44. Kf2 Rh2+ 45. Rg2 Qxg2+ 0-1

[Event "Tournoi Skype 030A"]
[Site "Skype"]
[Date "????.??.??"]
[Round "5.6"]
[White "Grosso, Raul"]
[Black "Carballo, Jorge"]
[Result "1-0"]
[WhiteElo "1746"]
[BlackElo "1367"]
[PlyCount "33"]

1. d4 d5 2. Bf4 Nf6 3. e3 e6 4. Nd2 Be7 5. Ngf3 Nbd7 6. Bd3 O-O 7. h4 c5 8. c3
cxd4 9. exd4 h6 10. Qe2 Re8 11. Ne5 Nxe5 12. dxe5 Nd7 13. Bxh6 Bxh4 14. Qg4
Bxf2+ 15. Kxf2 g6 16. Bxg6 Nxe5 17. Bh7+ 1-0

[Event "Tournoi Skype 030A"]
[Site "Skype"]
[Date "????.??.??"]
[Round "5.7"]
[White "Le Brun, Yves"]
[Black "Garcia Andrinal, Antonio"]
[Result "0-1"]
[WhiteElo "1321"]
[BlackElo "1632"]
[PlyCount "78"]

1. d4 e6 2. Nf3 f5 3. h3 Nf6 4. Bg5 d6 5. e3 Be7 6. Bd3 O-O 7. Nc3 Nc6 8. g4
Nb4 9. gxf5 Nxd3+ 10. Qxd3 exf5 11. Nh4 Ne4 12. Bxe7 Qxe7 13. Nd5 Qxh4 14. Rh2
c6 15. Nf4 d5 16. Qe2 Bd7 17. O-O-O a5 18. Rg1 a4 19. f3 Nf6 20. Qg2 Rf7 21.
Nd3 Re8 22. Ne5 Rfe7 23. f4 Ne4 24. Nf3 Qf6 25. h4 Nd6 26. Ne5 Nc4 27. Qg3 Nxe5
28. dxe5 Qf7 29. Kb1 Be6 30. a3 Rd8 31. Qg5 Red7 32. Qf6 Qxf6 33. exf6 g6 34.
h5 Bf7 35. hxg6 Bxg6 36. Rh5 Kf7 37. Rxh7+ Bxh7 38. Rg7+ Kxf6 39. Rxd7 Rxd7 0-1

[Event "Tournoi Skype 030A"]
[Site "Skype"]
[Date "????.??.??"]
[Round "5.8"]
[White "Lovell, Stan"]
[Black "Yeter, Orhan"]
[Result "0-1"]
[WhiteElo "1511"]
[BlackElo "1252"]
[PlyCount "76"]

1. d4 d5 2. Bf4 Nf6 3. Nc3 Bf5 4. e3 e6 5. f3 Bd6 6. g4 Bxf4 7. exf4 Bg6 8. h4
h6 9. Bd3 Bxd3 10. Qxd3 Nc6 11. O-O-O Qe7 12. a3 O-O-O 13. Re1 Qd6 14. Nh3 g6
15. Rhg1 Kb8 16. Nb5 Qf8 17. Qd2 a6 18. Nc3 Ne8 19. Rd1 Nd6 20. Rge1 Nc4 21.
Qd3 Qd6 22. Ne4 dxe4 23. Qxc4 exf3 24. Qf1 Qe7 25. d5 Na7 26. g5 hxg5 27. hxg5
Qc5 28. dxe6 Rxd1+ 29. Rxd1 Qe3+ 30. Kb1 Qxe6 31. Nf2 Qf5 32. Nd3 Qg4 33. Re1
Nc6 34. Re3 Nd4 35. c3 Qg2 36. Re1 Qc2+ 37. Ka1 Nb3+ 38. Ka2 Nd2 0-1

[Event "Tournoi Skype 030A"]
[Site "Skype"]
[Date "????.??.??"]
[Round "5.10"]
[White "Hilton, Stephen"]
[Black "Saponara, Jose Maria"]
[Result "1/2-1/2"]
[WhiteElo "1865"]
[BlackElo "1525"]
[PlyCount "29"]

1. b4 e5 2. Bb2 d6 3. c4 Nf6 4. Nf3 Nbd7 5. g3 a5 6. b5 Nc5 7. Nc3 Be7 8. Bg2
O-O 9. O-O Re8 10. d3 Bf8 11. Nd2 Rb8 12. Nb3 Nxb3 13. axb3 b6 14. Qc2 Bb7 15.
Bxb7 1/2-1/2

[Event "Tournoi Skype 030A"]
[Site "Skype"]
[Date "????.??.??"]
[Round "5.11"]
[White "Casey, Eamonn"]
[Black "Caputi, Giuliano"]
[Result "1/2-1/2"]
[WhiteElo "1538"]
[BlackElo "1728"]
[PlyCount "79"]

1. d4 Nf6 2. c4 e6 3. Nf3 b6 4. Bg5 Bb7 5. e3 Be7 6. Nc3 d5 7. cxd5 exd5 8. Bd3
Nbd7 9. O-O O-O 10. Rc1 Ne4 11. Bxe7 Qxe7 12. Re1 Rfd8 13. Qc2 c5 14. Nd2 Ndf6
15. f3 Nxd2 16. Qxd2 c4 17. Be2 Qd7 18. f4 b5 19. b3 b4 20. Na4 c3 21. Qc2 Ne4
22. Bd3 Qe7 23. Bxe4 Qxe4 24. Nc5 Qxc2 25. Rxc2 Bc6 26. Na6 Rab8 27. Nxb8 Rxb8
28. Ra1 Bb5 29. Rd1 a5 30. a4 Ba6 31. Kf2 f5 32. Kf3 h5 33. h3 Rc8 34. g4 hxg4+
35. hxg4 g6 36. gxf5 gxf5 37. Rg1+ Kf7 38. Rg5 Bd3 39. Rc1 c2 40. Kf2 1/2-1/2

[Event "Tournoi Skype 030A"]
[Site "Skype"]
[Date "????.??.??"]
[Round "5.12"]
[White "Lopes, Marcia Maria"]
[Black "Lambert, Pierre"]
[Result "0-1"]
[WhiteElo "1321"]
[BlackElo "1660"]
[PlyCount "86"]

1. d4 d5 2. Bf4 e6 3. Nf3 Nf6 4. e3 c5 5. c3 Be7 6. h3 O-O 7. Bd3 c4 8. Bc2 Nc6
9. O-O Bd7 10. Nbd2 b5 11. Ne5 b4 12. Ndf3 h6 13. Ba4 Nxe5 14. Bxe5 Bxa4 15.
Qxa4 bxc3 16. bxc3 Ne4 17. Rfc1 Bd6 18. Bxd6 Qxd6 19. Rab1 f6 20. Rb7 Rf7 21.
Rxf7 Kxf7 22. Qb4 Rb8 23. Qxd6 Nxd6 24. Rc2 Rb1+ 25. Kh2 a5 26. Nd2 Rb7 27. f3
a4 28. e4 a3 29. exd5 exd5 30. Kg3 Nc8 31. f4 Nb6 32. Nb1 Ra7 33. Kf3 Nc8 34.
Nd2 Nd6 35. Ke2 Ke7 36. g4 Kd7 37. Nf3 Rb7 38. Nd2 Kc6 39. Kd1 Re7 40. Nf3 Re3
41. Ng1 Ne4 42. Ne2 Rxh3 43. f5 Rh1+ 0-1

[Event "Tournoi Skype 030A"]
[Site "Skype"]
[Date "????.??.??"]
[Round "5.13"]
[White "Chavero, Victor"]
[Black "Gungor, Gokhan"]
[Result "1-0"]
[WhiteElo "1286"]
[BlackElo "1579"]
[PlyCount "56"]

1. Nf3 Nf6 2. d4 d5 3. e3 e6 4. Be2 c5 5. O-O Nc6 6. c4 dxc4 7. Nc3 cxd4 8.
exd4 Be7 9. Bxc4 O-O 10. a3 a6 11. a4 b6 12. Be3 Bb7 13. d5 exd5 14. Nxd5 Nxd5
15. Bxd5 Rc8 16. Rc1 Bf6 17. b3 Re8 18. b4 Re7 19. Bxc6 Bxc6 20. Qxd8+ Rxd8 21.
Rxc6 Re4 22. Rxb6 Bc3 23. Rb1 Bxb4 24. Ng5 Rc4 25. Rb7 Bf8 26. Nxf7 Rdc8 27.
Ng5 Ba3 28. Ne6 Bb2 1-0

[Event "Tournoi Skype 030A"]
[Site "Skype"]
[Date "????.??.??"]
[Round "5.14"]
[White "Perrone, Gabriel Lorenzo"]
[Black "Sanchez Ruiz, Justo"]
[Result "0-1"]
[WhiteElo "1359"]
[BlackElo "1550"]
[PlyCount "104"]

1. d4 e6 2. c4 f5 3. Nf3 Nf6 4. Bg5 Be7 5. e3 b6 6. Be2 Bb7 7. Nc3 O-O 8. O-O
Qe8 9. Qc2 d6 10. Bxf6 Bxf6 11. e4 e5 12. Rad1 exd4 13. Nxd4 fxe4 14. Rfe1 Bh4
15. g3 Qg6 16. Bf1 Bd8 17. Bg2 Na6 18. Bxe4 Bxe4 19. Qxe4 Qxe4 20. Rxe4 Nc5 21.
Re2 Bf6 22. Nd5 Bxd4 23. Rxd4 Rf7 24. b3 Kf8 25. Rf4 Rxf4 26. Nxf4 Re8 27. Kf1
Rxe2 28. Kxe2 Ke7 29. Ke3 c6 30. Kd4 Nd7 31. b4 Nf6 32. h3 g5 33. Nd3 Ke6 34.
g4 Nd7 35. f4 gxf4 36. Nxf4+ Kf6 37. Ke4 Nf8 38. Nh5+ Kg6 39. Nf4+ Kf6 40. a3
Nd7 41. h4 h6 42. Nh3 Kg6 43. Kf4 Ne5 44. h5+ Kg7 45. c5 Nd3+ 46. Kf5 dxc5 47.
Nf4 Nxf4 48. Kxf4 cxb4 49. axb4 a5 50. bxa5 bxa5 51. Ke3 Kf6 52. Kd3 Kg5 0-1

[Event "Tournoi Skype 030A"]
[Site "Skype"]
[Date "????.??.??"]
[Round "5.15"]
[White "Ramirez Reina, Orlando"]
[Black "Elias, Roberto"]
[Result "0-1"]
[WhiteElo "1402"]
[BlackElo "1671"]
[PlyCount "46"]

1. d4 Nf6 2. c4 e6 3. Nc3 Bb4 4. Qc2 d5 5. e3 O-O 6. a3 Bd6 7. Nf3 b6 8. Bd3
Bb7 9. cxd5 exd5 10. O-O c5 11. dxc5 bxc5 12. Rd1 Nbd7 13. b3 Qe7 14. Bb2 Ne5
15. Nxe5 Qxe5 16. g3 d4 17. exd4 cxd4 18. Re1 Qh5 19. Ne4 Ng4 20. f3 Ne3 21.
Rxe3 dxe3 22. g4 Qh4 23. Nxd6 Bxf3 0-1

[Event "Tournoi Skype 030A"]
[Site "Skype"]
[Date "????.??.??"]
[Round "5.16"]
[White "Calderon, Francisco"]
[Black "Sepulveda, Lyda Marcela"]
[Result "1-0"]
[WhiteElo "1604"]
[BlackElo "1302"]
[PlyCount "35"]

1. e4 e5 2. Nf3 Nc6 3. Bc4 Bc5 4. c3 Nf6 5. b4 Be7 6. b5 Na5 7. Nxe5 Nxc4 8.
Nxc4 Nxe4 9. d3 Nf6 10. O-O O-O 11. Be3 d6 12. h3 Re8 13. Nbd2 Nd5 14. Bd4 Bf6
15. Bxf6 Qxf6 16. Ne4 Qg6 17. Qf3 Nf4 18. Qxf4 1-0

[Event "Tournoi Skype 030A"]
[Site "Skype"]
[Date "????.??.??"]
[Round "5.18"]
[White "Alvarez, Juan Evangelista"]
[Black "Mishra, Sourabh"]
[Result "0-1"]
[WhiteElo "1529"]
[BlackElo "1284"]
[PlyCount "58"]

1. Nf3 Nf6 2. c4 e6 3. Nc3 d5 4. d4 c5 5. Bg5 Be7 6. cxd5 Nxd5 7. Bxe7 Nxe7 8.
dxc5 O-O 9. g3 Qc7 10. b4 a5 11. Nb5 Qc6 12. Nbd4 Qc7 13. Nb5 Qc6 14. Qa4 Bd7
15. e3 Qxf3 16. Rg1 Nbc6 17. Nc7 Rac8 18. Bg2 Qf6 19. Rd1 Rxc7 20. b5 Nb4 21.
Qxa5 Qc3+ 22. Rd2 Nc2+ 23. Kd1 Qxa5 24. Rxc2 Bxb5 25. Kc1 Qa3+ 26. Kb1 Bd3 27.
Rgc1 Rxc5 28. Bf1 Bxc2+ 29. Rxc2 Rxc2 0-1

[Event "Tournoi Skype 030A"]
[Site "Skype"]
[Date "????.??.??"]
[Round "5.19"]
[White "Gadow, Martin"]
[Black "Graham, Neil"]
[Result "1-0"]
[WhiteElo "1485"]
[BlackElo "1285"]
[PlyCount "65"]

1. d4 Nf6 2. Nf3 d5 3. Bf4 e6 4. e3 c5 5. dxc5 Bxc5 6. Bd3 Qb6 7. Qc1 Bd6 8.
Bg3 Nc6 9. Bxd6 Nb4 10. Bxb4 Qxb4+ 11. c3 Qe7 12. O-O O-O 13. Nbd2 Bd7 14. Qc2
h6 15. Ne5 Be8 16. e4 Rd8 17. Rfe1 Qc7 18. Nef3 Bc6 19. e5 Nd7 20. c4 Nb6 21.
cxd5 Nxd5 22. Re4 Qe7 23. Rg4 Kh8 24. a3 Rd7 25. Ne4 Rc7 26. Qd2 f5 27. exf6
Nxf6 28. Nxf6 Qxf6 29. Rg6 Qf7 30. Ne5 Qe7 31. Qe3 Bd5 32. Rxh6+ gxh6 33. Ng6+
1-0

[Event "Tournoi Skype 030A"]
[Site "Skype"]
[Date "????.??.??"]
[Round "5.20"]
[White "L'Herbon De Lussats, Jean"]
[Black "Engstrom, Olle"]
[Result "1/2-1/2"]
[WhiteElo "1245"]
[BlackElo "1438"]
[PlyCount "50"]

1. c4 e5 2. g3 Nf6 3. Bg2 c6 4. Nc3 d5 5. d4 e4 6. a3 Be7 7. f3 exf3 8. Nxf3
Nbd7 9. cxd5 Nxd5 10. O-O N7f6 11. Qc2 O-O 12. e4 Nxc3 13. bxc3 Bg4 14. Rb1 Qc8
15. Nh4 Re8 16. Qd3 b6 17. e5 Nd5 18. c4 Qa6 19. Qe4 Nc3 20. Qxg4 Nxb1 21. Nf5
Bf8 22. Nh6+ Kh8 23. Nxf7+ Kg8 24. Nh6+ Kh8 25. Nf7+ Kg8 1/2-1/2

[Event "Tournoi Skype 030A"]
[Site "Skype"]
[Date "????.??.??"]
[Round "5.21"]
[White "Sequeda Pimiento, Javier Ricardo"]
[Black "Trivedi, Viral"]
[Result "0-1"]
[WhiteElo "1434"]
[BlackElo "1210"]
[PlyCount "66"]

1. e4 e6 2. d4 d5 3. e5 c5 4. c3 Nc6 5. Bb5 Bd7 6. Bxc6 Bxc6 7. Nf3 cxd4 8.
cxd4 Ne7 9. Bg5 Qb6 10. Bxe7 Bxe7 11. b3 Bb4+ 12. Nbd2 Rc8 13. O-O Bb5 14. Re1
Bc3 15. Rc1 O-O 16. a4 Ba6 17. h3 Bb4 18. Rxc8 Rxc8 19. Qb1 Qc7 20. Rd1 Be2 21.
Re1 Bxf3 22. Nxf3 Bxe1 23. Qxe1 Qc1 24. Kh2 Qxe1 25. Nxe1 Rc1 26. Nd3 Rd1 27.
Nc5 b6 28. Nd7 Rxd4 29. g3 Rb4 30. a5 Rxb3 31. axb6 axb6 32. h4 d4 33. f4 d3
0-1

[Event "Tournoi Skype 030A"]
[Site "Skype"]
[Date "????.??.??"]
[Round "5.22"]
[White "Fernandez Zaldivar, Antonio"]
[Black "Lucena Vaz, Jose"]
[Result "0-1"]
[WhiteElo "1291"]
[BlackElo "1674"]
[PlyCount "74"]

1. e4 c5 2. Nf3 g6 3. c3 Bg7 4. Bd3 Nc6 5. O-O e6 6. Re1 Nge7 7. Bc2 O-O 8. d4
cxd4 9. cxd4 d5 10. e5 Nb4 11. Bb3 Bd7 12. a3 Nbc6 13. Nc3 Qc7 14. Ne2 Na5 15.
Ba2 Rfc8 16. Bg5 Nf5 17. Rc1 Qb6 18. b4 Rxc1 19. Qxc1 Rc8 20. Qd2 Nc4 21. Bxc4
Rxc4 22. Rc1 Qa6 23. g4 h6 24. Bf6 Qxa3 25. Rxc4 Qxf3 26. gxf5 dxc4 27. Bxg7
Bc6 28. Kf1 Qg2+ 29. Ke1 Qh1+ 30. Ng1 Qxg1+ 31. Ke2 Qg4+ 32. Ke1 Qe4+ 33. Kd1
Kxg7 34. f6+ Kh7 35. Kc1 Qd3 36. Qb2 c3 37. Qa2 Bd5 0-1

[Event "Tournoi Skype 030A"]
[Site "Skype"]
[Date "????.??.??"]
[Round "5.23"]
[White "Bendre, Pankaj"]
[Black "Hadla, Mohammad Ali"]
[Result "1-0"]
[WhiteElo "1182"]
[BlackElo "1627"]
[PlyCount "55"]

1. d4 Nf6 2. Nf3 g6 3. e3 Bg7 4. b3 d6 5. Bb2 Nc6 6. Nbd2 O-O 7. c4 Bf5 8. Rb1
a6 9. Rc1 Qd7 10. a3 b5 11. cxb5 axb5 12. Bxb5 Be4 13. Nxe4 Qg4 14. O-O Nxe4
15. Bxc6 Ra5 16. h3 Qf5 17. a4 Rd8 18. Qc2 d5 19. Bb5 Ra7 20. Qc5 Nxc5 21. Rxc5
Bf6 22. Nh2 e5 23. Ng4 exd4 24. Nh6+ Kf8 25. Nxf5 gxf5 26. exd4 Rd6 27. Ba3 c6
28. Rxc6 1-0

[Event "Tournoi Skype 030A"]
[Site "Skype"]
[Date "????.??.??"]
[Round "5.24"]
[White "Khetre, Gaurav"]
[Black "Grib, Johannes"]
[Result "1-0"]
[WhiteElo "1540"]
[BlackElo "1328"]
[PlyCount "65"]

1. d4 Nf6 2. c4 e6 3. Nf3 Bb4+ 4. Bd2 Qe7 5. g3 Ne4 6. a3 Bxd2+ 7. Nbxd2 d5 8.
Bg2 Nxd2 9. Nxd2 Bd7 10. O-O h5 11. h4 c6 12. Qb3 b6 13. Nf3 dxc4 14. Qxc4 b5
15. Qc2 Na6 16. Ne5 Rc8 17. Rac1 c5 18. Bb7 O-O 19. Bxa6 Rc7 20. dxc5 Qf6 21.
Nxd7 Rxd7 22. Bxb5 Rc7 23. Rfd1 Rb8 24. a4 a6 25. Bxa6 Rxb2 26. Qd3 Ra7 27.
Qd8+ Qxd8 28. Rxd8+ Kh7 29. Bd3+ g6 30. c6 Rc7 31. a5 Ra2 32. a6 Kg7 33. Rd7
1-0

[Event "Tournoi Skype 030A"]
[Site "Skype"]
[Date "????.??.??"]
[Round "5.25"]
[White "Sauvaget, Joel"]
[Black "Karia, Vijay"]
[Result "0-1"]
[WhiteElo "1290"]
[BlackElo "1447"]
[PlyCount "70"]

1. e4 d5 2. exd5 Qxd5 3. Nc3 Qa5 4. d3 c6 5. Bd2 Nf6 6. Nf3 Bg4 7. Be2 Nbd7 8.
h3 Bh5 9. O-O e6 10. a3 Be7 11. Nh2 Bg6 12. Nf3 h6 13. Na2 Qc7 14. Bc3 O-O 15.
Nc1 Nd5 16. Na2 a5 17. Bd2 Bf6 18. d4 c5 19. c3 Qb6 20. Bc1 cxd4 21. cxd4 Be4
22. Nc3 Bxf3 23. Bxf3 Ne7 24. Ne2 Rfd8 25. Rb1 Ne5 26. Ng3 Nxf3+ 27. Qxf3 Bxd4
28. Ne2 Be5 29. Be3 Qb3 30. Rfe1 Nf5 31. Nc1 Qc2 32. Ne2 Bxb2 33. Qxb7 Rab8 34.
Qf3 Rb3 35. Nc1 Qxb1 0-1

[Event "Tournoi Skype 030A"]
[Site "Skype"]
[Date "????.??.??"]
[Round "5.26"]
[White "Bagayatkar, Madan"]
[Black "Khunte, Aniruddha"]
[Result "1-0"]
[WhiteElo "1405"]
[BlackElo "1174"]
[PlyCount "31"]

1. e4 e5 2. Nf3 Nc6 3. Bc4 Bc5 4. c3 a6 5. O-O h6 6. d4 exd4 7. cxd4 Ba7 8. Nc3
d6 9. h3 Nf6 10. Bf4 O-O 11. Bb3 Be6 12. d5 Nh5 13. Bh2 Re8 14. dxc6 Bxb3 15.
Qxb3 Bc5 16. cxb7 1-0

[Event "Tournoi Skype 030A"]
[Site "Skype"]
[Date "????.??.??"]
[Round "5.27"]
[White "Galani, Mahendra"]
[Black "Vello, Pablo"]
[Result "1/2-1/2"]
[WhiteElo "1395"]
[BlackElo "1135"]
[PlyCount "63"]

1. e4 e6 2. d4 d5 3. e5 c5 4. Nf3 Qb6 5. c3 Nc6 6. Na3 a6 7. Be2 cxd4 8. O-O
Nge7 9. cxd4 Bd7 10. b3 Nf5 11. Nc2 Be7 12. Bb2 O-O 13. Bd3 Nb4 14. Bxf5 exf5
15. Ne3 Be6 16. a3 Nc6 17. Qd3 g6 18. b4 f4 19. Nd1 Bf5 20. Qd2 Na7 21. Qxf4
Rac8 22. Ne3 Be6 23. Ng4 Bxg4 24. Qxg4 Rc2 25. Rab1 Rfc8 26. Ne1 R2c4 27. Nd3
Nb5 28. Nc5 Bxc5 29. bxc5 R8xc5 30. Qd7 Rc8 31. Qxd5 Qc6 32. Qxc6 1/2-1/2

[Event "Tournoi Skype 030A"]
[Site "Skype"]
[Date "????.??.??"]
[Round "5.28"]
[White "Tembhurnekar, Ritu"]
[Black "Pouteau, Pascal"]
[Result "0-1"]
[WhiteElo "1011"]
[BlackElo "1349"]
[PlyCount "74"]

1. d4 d5 2. Nf3 Nf6 3. e3 Bg4 4. c4 e6 5. Qb3 b6 6. Nc3 Be7 7. Be2 O-O 8. O-O
c6 9. h3 Bh5 10. Bd2 Ne4 11. Rfe1 Bxf3 12. Bxf3 Nxd2 13. Qd1 Nxf3+ 14. Qxf3
dxc4 15. Rac1 Bb4 16. Red1 Qc7 17. Ne4 b5 18. a3 Be7 19. Nc3 Nd7 20. Na2 a5 21.
Rc2 Nf6 22. Nc3 b4 23. axb4 axb4 24. Ne4 Nxe4 25. Qxe4 Rad8 26. Rxc4 c5 27. b3
Bd6 28. g3 Bxg3 29. fxg3 Qxg3+ 30. Qg2 Qxe3+ 31. Kh1 Qxb3 32. Rg1 g6 33. Rxc5
Rxd4 34. Rcc1 Qd5 35. Kh2 Qd6+ 36. Kh1 Rd2 37. Qb7 Rh2# 0-1

[Event "Tournoi Skype 030A"]
[Site "Skype"]
[Date "????.??.??"]
[Round "5.29"]
[White "Kruk, Clementine"]
[Black "Aravena, Alvaro"]
[Result "0-1"]
[WhiteElo "1313"]
[BlackElo "1646"]
[PlyCount "72"]

1. e4 d6 2. d4 Nf6 3. Nc3 g6 4. f4 Bg7 5. Nf3 Nbd7 6. Bc4 c5 7. e5 Ng8 8. Bxf7+
Kxf7 9. Ng5+ Ke8 10. Ne6 Qa5 11. Nxg7+ Kf7 12. e6+ Kxg7 13. exd7 Bxd7 14. O-O
Nf6 15. d5 Rhe8 16. Re1 Bf5 17. Bd2 Qb6 18. Re2 Bg4 19. Na4 Qa6 20. c4 Bxe2 21.
Qxe2 Qxa4 22. b3 Qd7 23. Bc3 a6 24. a4 Rab8 25. Re1 b5 26. axb5 axb5 27. b4
cxb4 28. Bxb4 bxc4 29. Qxc4 Rec8 30. Qb3 Qb7 31. Qe3 Nxd5 32. Qd4+ Nf6 33. Bc3
Kf8 34. Re6 Qb1+ 35. Kf2 Qc2+ 36. Kf3 Rxc3+ 0-1

[Event "Tournoi Skype 030A"]
[Site "Skype"]
[Date "????.??.??"]
[Round "5.30"]
[White "Marino, Giuseppe"]
[Black "Gharbi, Said"]
[Result "1-0"]
[WhiteElo "1339"]
[BlackElo "1434"]
[PlyCount "57"]

1. e4 e5 2. Nf3 Nc6 3. d3 Be7 4. Be2 Nf6 5. c3 d5 6. exd5 Nxd5 7. O-O Bf6 8.
Re1 O-O 9. Bf1 Bg4 10. h3 Bh5 11. Nbd2 Re8 12. Ne4 h6 13. Nxf6+ Qxf6 14. Be2
Nf4 15. Bxf4 Qxf4 16. Nd2 Bg6 17. Bf1 e4 18. dxe4 Bxe4 19. Nxe4 Rxe4 20. Rxe4
Qxe4 21. Bd3 Qe7 22. Qc2 Re8 23. Rd1 Ne5 24. Qe2 Rd8 25. Kh1 Nc6 26. Qxe7 Nxe7
27. Bh7+ Kxh7 28. Rxd8 f5 29. Rd7 1-0

[Event "Tournoi Skype 030A"]
[Site "Skype"]
[Date "????.??.??"]
[Round "5.31"]
[White "Junqueira, Leonardo De Faria"]
[Black "Pantaleon, Julio"]
[Result "0-1"]
[WhiteElo "1408"]
[BlackElo "1241"]
[PlyCount "124"]

1. e4 c5 2. d4 cxd4 3. c3 dxc3 4. Nxc3 e5 5. Bc4 Be7 6. Qd5 d6 7. Qxf7+ Kd7 8.
Qe6+ Ke8 9. Qf7+ Kd7 10. Be3 Qf8 11. Be6+ Kd8 12. Qxf8+ Bxf8 13. Bb3 Nf6 14.
Bg5 Be7 15. Bxf6 Bxf6 16. Nge2 Nc6 17. O-O Bg4 18. f3 Bh5 19. Ng3 Bg6 20. Rad1
Nd4 21. Bd5 Rb8 22. Nge2 Nc2 23. Rd3 Bg5 24. Bb3 Nb4 25. Rxd6+ Kc7 26. Rfd1
Rbd8 27. Nb5+ Kb8 28. a3 Nc6 29. Nec3 a6 30. Ba2 axb5 31. Nxb5 Rxd6 32. Rxd6
Rd8 33. Rxd8+ Bxd8 34. Nc3 Bb6+ 35. Kf1 Nd4 36. Nd5 Nc2 37. Nxb6 Kc7 38. Nd5+
Kd6 39. Ke2 Nd4+ 40. Ke3 Bf7 41. Nc3 Be8 42. g3 g5 43. Ne2 Nxe2 44. Kxe2 Kc5
45. Ke3 Kd6 46. f4 h6 47. Bd5 b6 48. b3 Bh5 49. g4 Bxg4 50. f5 Bxf5 51. exf5
Kxd5 52. a4 e4 53. a5 bxa5 54. f6 Ke6 55. Kxe4 Kxf6 56. Kf3 Kf5 57. Ke3 g4 58.
Kf2 Kf4 59. Kg2 h5 60. h3 g3 61. Kg1 Kf3 62. h4 g2 0-1

[Event "Tournoi Skype 030A"]
[Site "Skype"]
[Date "????.??.??"]
[Round "5.32"]
[White "Pasasin, Alejandro"]
[Black "Couto, Januario"]
[Result "1-0"]
[WhiteElo "1304"]
[BlackElo "1387"]
[PlyCount "61"]

1. Nf3 f5 2. d4 Nf6 3. Bf4 d6 4. h3 g6 5. e3 Bg7 6. Bd3 O-O 7. c4 Nbd7 8. Nbd2
c5 9. Rc1 b6 10. O-O Bb7 11. Ng5 Qc8 12. Ne6 Re8 13. Nxg7 Kxg7 14. Bh2 e5 15.
d5 e4 16. Be2 Ne5 17. f4 exf3 18. Nxf3 Nfd7 19. Qc2 Nxf3+ 20. Rxf3 Ne5 21. Qc3
Qd8 22. Rcf1 Qf6 23. R3f2 Bc8 24. g4 Nf7 25. Qxf6+ Kxf6 26. Rf3 Ne5 27. Rf4 g5
28. R4f2 Nf7 29. Bd3 Rxe3 30. Bxf5 Bxf5 31. Rxf5+ 1-0

[Event "Tournoi Skype 030A"]
[Site "Skype"]
[Date "????.??.??"]
[Round "5.33"]
[White "Davis, Michael"]
[Black "Navghane, Rahul"]
[Result "0-1"]
[WhiteElo "1359"]
[BlackElo "1007"]
[PlyCount "84"]

1. e4 b6 2. d4 Bb7 3. Nc3 e6 4. a3 c5 5. d5 Nf6 6. Bg5 h6 7. Bh4 e5 8. Nf3 d6
9. Bb5+ Nbd7 10. Bxd7+ Qxd7 11. O-O Be7 12. Re1 O-O-O 13. Qe2 g5 14. Bg3 Nh7
15. Nd2 Nf8 16. b4 f6 17. Nb5 a6 18. Na7+ Kc7 19. Nc6 Re8 20. b5 a5 21. Nc4 h5
22. h4 gxh4 23. Bxh4 Ng6 24. Bg3 Qg4 25. Qxg4 hxg4 26. f3 gxf3 27. gxf3 Rh3 28.
Kg2 Reh8 29. Rh1 Rxh1 30. Rxh1 Rxh1 31. Kxh1 Bf8 32. Ne3 Bc8 33. Kg2 Bh6 34.
Nc4 Bf4 35. Be1 f5 36. a4 Bg5 37. Nxb6 Kxb6 38. Bxa5+ Kb7 39. b6 Nf4+ 40. Kh2
fxe4 41. fxe4 Ne2 42. Kg2 Bg4 0-1